Geography Multi-select #17 - Statistics

General Stats
  • This quiz has been taken 23 times
  • The average score is 63 of 90
Answer Stats
Question Tile Select % Correct
U.S. states with a capital city whose name begins with “O.” Louisiana No
100%
U.S. states with a capital city whose name begins with “O.” New Mexico No
100%
U.S. states with a capital city whose name begins with “O.” New York No
100%
U.S. states with a capital city whose name begins with “O.” Virginia No
100%
Argentine cities with a population of at least 700,000. Buenos Aires Yes
95%
U.S. states with a capital city whose name begins with “O.” Connecticut No
95%
sovereign states with at least one capital city whose name begins with “M.” Costa Rica No
95%
sovereign states with at least one capital city whose name begins with “M.” Malaysia No
95%
Argentine cities with a population of at least 700,000. Quilmes No
95%
Argentine cities with a population of at least 700,000. Salta No
95%
sovereign states with at least one capital city whose name begins with “M.” Tonga No
95%
U.S. states with a capital city whose name begins with “O.” West Virginia No
95%
U.S. states with a capital city whose name begins with “O.” Colorado No
90%
territories conferring birthright New Zealander citizenship on individuals born there before 2006. Fiji No
90%
sovereign states with at least one capital city whose name begins with “M.” Mauritius No
90%
sovereign states with at least one capital city whose name begins with “M.” Monaco Yes
90%
U.S. states with a capital city whose name begins with “O.” Oklahoma Yes
90%
capitals of a U.S. state whose name begins with “N.” Salt Lake City No
90%
national capitals of a sovereign state whose English language name begins with “M.” Freetown No
86%
five of the largest islands in the world. Greenland Yes
86%
capitals of a U.S. state whose name begins with “N.” Madison No
86%
sovereign states with at least one capital city whose name begins with “M.” Mexico Yes
86%
national capitals of a sovereign state whose English language name begins with “M.” Mexico City Yes
86%
capitals of a U.S. state whose name begins with “N.” Providence No
86%
territories conferring birthright New Zealander citizenship on individuals born there before 2006. Australia No
81%
national capitals of a sovereign state whose English language name begins with “M.” Basseterre No
81%
sovereign states with at least one capital city whose name begins with “M.” Belarus Yes
81%
Argentine cities with a population of at least 700,000. Córdoba Yes
81%
countries with a coastline on the Tyrrhenian Sea. Italy Yes
81%
capitals of a U.S. state whose name begins with “N.” Lincoln Yes
81%
capitals of a U.S. state whose name begins with “N.” Little Rock No
81%
five of the largest islands in the world. Madagascar Yes
81%
five of the largest islands in the world. Manhattan No
81%
Argentine cities with a population of at least 700,000. Mar del Plata No
81%
national capitals of a sovereign state whose English language name begins with “M.” Port Moresby No
81%
U.S. states with a capital city whose name begins with “O.” Washington Yes
81%
five of the largest islands in the world. Baffin Island Yes
76%
capitals of a U.S. state whose name begins with “N.” Carson City Yes
76%
five of the largest islands in the world. Honshu No
76%
sovereign states with at least one capital city whose name begins with “M.” Liberia Yes
76%
five of the largest islands in the world. New Guinea Yes
76%
territories conferring birthright New Zealander citizenship on individuals born there before 2006. New Zealand Yes
76%
territories conferring birthright New Zealander citizenship on individuals born there before 2006. Niue Yes
76%
capitals of a U.S. state whose name begins with “N.” Santa Fe Yes
76%
sovereign states with at least one capital city whose name begins with “M.” Somalia Yes
76%
national capitals of a sovereign state whose English language name begins with “M.” Valletta Yes
76%
five of the largest islands in the world. Victoria Island No
76%
countries with a coastline on the Celebes Sea. Australia No
71%
countries with a coastline on the Celebes Sea. Japan No
71%
constituent parts of the statistical designation “United States Minor Outlying Islands.” Midway Atoll Yes
71%
national capitals of a sovereign state whose English language name begins with “M.” Nouakchott Yes
71%
national capitals of a sovereign state whose English language name begins with “M.” Skopje No
71%
countries with a coastline on the Tyrrhenian Sea. Bosnia and Herzegovina No
67%
territories conferring birthright New Zealander citizenship on individuals born there before 2006. Christmas Island No
67%
countries with a coastline on the Celebes Sea. Indonesia Yes
67%
territories conferring birthright New Zealander citizenship on individuals born there before 2006. Pitcairn Island No
67%
countries with a coastline on the Celebes Sea. South Korea No
67%
countries with a coastline on the Tyrrhenian Sea. Spain No
67%
countries with a coastline on the Tyrrhenian Sea. Algeria No
62%
capitals of a U.S. state whose name begins with “N.” Concord Yes
62%
countries with a coastline on the Tyrrhenian Sea. Greece No
62%
Argentine cities with a population of at least 700,000. La Plata No
62%
countries with a coastline on the Tyrrhenian Sea. Libya No
62%
national capitals of a sovereign state whose English language name begins with “M.” Majuro Yes
62%
countries with a coastline on the Celebes Sea. Papua New Guinea No
62%
national capitals of a sovereign state whose English language name begins with “M.” Port Louis Yes
62%
capitals of a U.S. state whose name begins with “N.” Trenton Yes
62%
constituent parts of the statistical designation “United States Minor Outlying Islands.” Kahoʻolawe No
57%
countries with a coastline on the Tyrrhenian Sea. Malta No
57%
constituent parts of the statistical designation “United States Minor Outlying Islands.” Puerto Rico No
57%
Argentine cities with a population of at least 700,000. Rosario Yes
57%
territories conferring birthright New Zealander citizenship on individuals born there before 2006. Tokelau Yes
57%
five of the largest islands in the world. Borneo Yes
52%
countries with a coastline on the Celebes Sea. Brunei No
52%
territories conferring birthright New Zealander citizenship on individuals born there before 2006. Cook Islands Yes
52%
five of the largest islands in the world. Sumatra No
52%
countries with a coastline on the Tyrrhenian Sea. Tunisia No
52%
countries with a coastline on the Celebes Sea. East Timor No
48%
countries with a coastline on the Tyrrhenian Sea. France Yes
43%
countries with a coastline on the Celebes Sea. Malaysia No
43%
Argentine cities with a population of at least 700,000. Mendoza Yes
43%
countries with a coastline on the Celebes Sea. Philippines Yes
38%
constituent parts of the statistical designation “United States Minor Outlying Islands.” Wake Island Yes
38%
constituent parts of the statistical designation “United States Minor Outlying Islands.” Kingman Reef Yes
33%
constituent parts of the statistical designation “United States Minor Outlying Islands.” Navassa Island Yes
29%
territories conferring birthright New Zealander citizenship on individuals born there before 2006. Ross Dependency Yes
29%
constituent parts of the statistical designation “United States Minor Outlying Islands.” American Samoa No
19%
constituent parts of the statistical designation “United States Minor Outlying Islands.” Northern Mariana Islands No
19%
Argentine cities with a population of at least 700,000. San Miguel de Tucumán Yes
14%
constituent parts of the statistical designation “United States Minor Outlying Islands.” Guam No
5%
No matching quizzes found
Score Distribution
Percent of People with Each Score
Percentile by Number Answered
Your Score History
You have not taken this quiz